000 00566nam a22001817a 4500
005 20150124125725.0
008 131203t mx||||| |||| 00| 0 spa d
020 _a9684321015
050 0 4 _aKGF5422
_bP67 1993
100 1 _aPorte-Petit Candaudap, Celestino
245 1 0 _aApuntamientos de la parte general de derecho penal /
_cCelestino Porte-Petit Candaudap
250 _a15a ed.
260 _aMéxico :
_bPorrúa,
_c1993
300 _a508 p. ;
_c24 cm.
504 _aIncluye bibliografía e índice
650 7 _2Lemb
_aDerecho penal
_zMéxico
942 _2ddc
_cLIB
999 _c46317
_d46317